O reprezentácii a entropii úplných fuzzy rozkladov

Bibliographic Details
Main Author: Markechová, Dagmar, 1956- (Author)
Format: Article
Language:Slovak
PhysicalDescription:Res. angl., slov., lit. 8 zázn. v slov., nem., angl.
Subjects:

MARC

LEADER 00000nab a2200000 a 4500
001 vtls000523343
003 SK-MaSNL
005 20260304014927.0
008 160204c1991 xo 0 slo
015 |a SNBRA19rr/mm-uuuuu 
035 |a CL0523481 
040 |a SNKBUCL  |b slo  |c SNKBUCL  |e AACR2 
041 0 |a slo 
044 |a xo  |c SK 
080 |a 519.21:519.722:510.64  |2 1981 
080 |a 519.722  |2 1981 
080 |a 510.64  |2 1981 
100 1 |a Markechová, Dagmar,  |d 1956-  |4 aut  |9 247875 
245 1 0 |a O reprezentácii a entropii úplných fuzzy rozkladov  |c Dagmar Markechová 
300 |b Res. angl., slov., lit. 8 zázn. v slov., nem., angl. 
650 0 7 |a priestory pravdepodobnostné fuzzy  |2 snkbucl  |9 1295785 
650 0 7 |a rozklady fuzzy  |2 snkbucl  |9 978776 
655 7 |a články zo zborníkov  |2 snkbucl  |9 166140 
773 0 |t Zborník Pedagogickej fakulty v Nitre 5  |d Nitra : Pedagogická fakulta, 1991  |g S. 23-34 
850 |a Slovenská národná knižnica v Martine  |a MTA001 
852 |a SNK  |b KIS3GCP 
958 |a NB 
958 |a RK 
992 |a RZB 
999 |c 2588513  |d 2590443